000 00764nam a2200181Ia 4500
008 090124s9999 xx 000 0 und d
082 _b105458
100 _aअभिराग ( भिडे रामकृष्ण गोपाळ )
245 _a भारत सेवक गोपाळ कृष्ण गोखले
250 _a1
260 _c1956
300 _a83
600 _aअभिराग ( भिडे रामकृष्ण गोपाळ )
630 _a भारत सेवक गोपाळ कृष्ण गोखले
700 _aअभिराग ( भिडे रामकृष्ण गोपाळ )
730 _a भारत सेवक गोपाळ कृष्ण गोखले
942 _cBOOK
999 _c151549
_d151549